[Event "XXXI Festival A"]
[Site "Arco ITA"]
[Date "2009.10.21"]
[Round "6"]
[White "Wohl, Aleksandar H."]
[Black "Grant, Jonathan I.M."]
[Result "1-0"]
[WhiteElo "2417"]
[BlackElo "2249"]
[PlyCount "83"]
[EventDate "2009.10.17"]

1. Nf3 Nf6 2. g3 b6 3. Bg2 Bb7 4. O-O c5 5. d3 Nc6 6. e4 e5 7. Nbd2 Be7 8. Nc4
Qc7 9. Ne3 g6 10. Nd5 Nxd5 11. exd5 Nd4 12. Nxd4 cxd4 13. f4 d6 14. fxe5 dxe5
15. Bh6 f5 16. c3 dxc3 17. bxc3 O-O-O 18. c4 Bc5+ 19. Kh1 Kb8 20. a4 a5 21. Qe2
Rde8 22. Rab1 Ba6 23. Rb3 Ka7 24. Be3 Re7 25. Bg5 Rf7 26. Be3 Re8 27. Rfb1 Rf6
28. Qf2 g5 29. Rxb6 Bxe3 30. Rxa6+ Kxa6 31. Qxe3 f4 32. Qe4 Rb8 33. Rc1 fxg3
34. c5 Rh6 35. Qc4+ Ka7 36. d6 Rxh2+ 37. Kg1 Rb2 38. Be4 Qd7 39. Qd5 Qe8 40. c6
Qf8 41. Qxa5+ Kb8 42. c7+ 1-0

[Event "XXXI Festival A"]
[Site "Arco ITA"]
[Date "2009.10.21"]
[Round "6"]
[White "Zucchelli, Massimo"]
[Black "Parrini, Daniele"]
[Result "1-0"]
[WhiteElo "2159"]
[BlackElo "2022"]
[PlyCount "76"]
[EventDate "2009.10.17"]

1. d4 Nf6 2. Nf3 g6 3. Bf4 Bg7 4. e3 O-O 5. Be2 d6 6. h3 Nbd7 7. O-O c5 8. c3
b6 9. Nbd2 Bb7 10. a4 a6 11. Qb3 Qc7 12. Rfd1 Rac8 13. Qa2 cxd4 14. exd4 Nd5
15. Bh2 Bh6 16. Bf1 Qc6 17. c4 Nb4 18. Qb3 a5 19. Re1 e5 20. Ne4 d5 21. cxd5
Qxd5 22. Qd1 exd4 23. Bb5 Bg7 24. Nd6 Rcd8 25. Bc4 Qc6 26. Bb5 Qd5 27. Bc4 Qc6
28. Nxb7 Qxb7 29. Bd6 Rfe8 30. Ng5 Nd5 31. Qb3 N7f6 32. Be5 h6 33. Nf3 Nh5 34.
Bxd4 Rxe1+ 35. Rxe1 Bxd4 36. Nxd4 Ndf4 37. Nf3 Nxh3+ 38. gxh3 Qxf3 1-0

[Event "XXXI Festival A"]
[Site "Arco ITA"]
[Date "2009.10.22"]
[Round "7"]
[White "Antoniacci, Riccardo"]
[Black "De Andres Gonalons, Fernando"]
[Result "0-1"]
[WhiteElo "1895"]
[BlackElo "2088"]
[PlyCount "86"]
[EventDate "2009.10.17"]

1. e4 e6 2. b3 d5 3. Bb2 Nf6 4. e5 Nfd7 5. d4 Be7 6. Bd3 c5 7. c3 Nc6 8. Qg4
O-O 9. f4 cxd4 10. Qh3 f5 11. cxd4 Nb4 12. Nc3 Bh4+ 13. Kf1 Nxd3 14. Qxd3 b6
15. g3 Be7 16. Nf3 a5 17. Kg2 Ba6 18. Nb5 Nb8 19. Rhc1 Qe8 20. a4 Nc6 21. Qe2
Na7 22. Rc7 Nxb5 23. Rxe7 Qxe7 24. axb5 Bb7 25. Ba3 Qd7 26. Bxf8 Rxf8 27. Rc1
Rc8 28. Rxc8+ Qxc8 29. Qd3 Qc1 30. Ng1 Bc8 31. Ne2 Qb2 32. Kh3 Bd7 33. Kg2 Be8
34. Kf3 Bh5+ 35. Ke3 h6 36. h3 Bxe2 37. Qxe2 Qxb3+ 38. Kf2 a4 39. g4 a3 40.
gxf5 Qb2 41. fxe6 Qxe2+ 42. Kxe2 a2 43. e7 Kf7 0-1

[Event "XXXI Festival A"]
[Site "Arco ITA"]
[Date "2009.10.23"]
[Round "7"]
[White "Arakhamia-Grant, Ketevan"]
[Black "Naumkin, Igor"]
[Result "1/2-1/2"]
[WhiteElo "2499"]
[BlackElo "2450"]
[PlyCount "66"]
[EventDate "2009.10.17"]

1. e4 e5 2. Nf3 Nc6 3. Bb5 a6 4. Ba4 Nf6 5. d3 b5 6. Bb3 Be7 7. O-O O-O 8. Re1
d6 9. c3 h6 10. Nbd2 Re8 11. Nf1 Bf8 12. Ng3 Na5 13. Bc2 c5 14. d4 cxd4 15.
cxd4 exd4 16. Nxd4 Bb7 17. Bf4 Nc4 18. b3 Ne5 19. Ndf5 Re6 20. Nd4 Re8 21. Ndf5
Re6 22. Qd2 Ng6 23. Rad1 Nxf4 24. Qxf4 Qc7 25. Nd4 Re5 26. Ngf5 Nh5 27. Qd2
Rae8 28. Nf3 Rc5 29. Bb1 Nf6 30. Qf4 Nh5 31. Qd2 Nf6 32. Qf4 Nh5 33. Qd2 Qd8
1/2-1/2

[Event "XXXI Festival A"]
[Site "Arco ITA"]
[Date "2009.10.23"]
[Round "7"]
[White "Battiston, Claudio"]
[Black "Karl, Hans"]
[Result "1/2-1/2"]
[WhiteElo "1983"]
[BlackElo "2229"]
[PlyCount "35"]
[EventDate "2009.10.17"]

1. e4 e5 2. d4 exd4 3. Qxd4 Nc6 4. Qe3 Bb4+ 5. Bd2 Bxd2+ 6. Nxd2 Qf6 7. O-O-O
d6 8. f4 Nge7 9. Ngf3 Ng6 10. g3 Bd7 11. Nb3 Qe7 12. Bc4 h6 13. Rhe1 O-O 14. h4
Rfe8 15. Rd2 Kh8 16. Rh2 Be6 17. Bxe6 fxe6 18. h5 1/2-1/2

[Event "XXXI Festival A"]
[Site "Arco ITA"]
[Date "2009.10.23"]
[Round "7"]
[White "Bernardi, Ruben"]
[Black "Dittmar, Peter"]
[Result "0-1"]
[WhiteElo "2162"]
[BlackElo "2359"]
[PlyCount "62"]
[EventDate "2009.10.17"]

1. e4 c6 2. d4 d5 3. f3 e6 4. Nc3 Bb4 5. a3 Bxc3+ 6. bxc3 b6 7. Bd3 Ba6 8. Ne2
Ne7 9. a4 Bxd3 10. Qxd3 Nd7 11. O-O O-O 12. e5 c5 13. f4 Rc8 14. Ba3 f5 15. Rf3
Rf7 16. Rh3 Nf8 17. Qa6 Neg6 18. Rf1 Rfc7 19. a5 Rd7 20. Rd3 Ne7 21. Rb1 Rc6
22. axb6 axb6 23. Qa4 Rc8 24. dxc5 bxc5 25. Qb5 Ra7 26. c4 Nd7 27. Rdb3 Ra5 28.
Qb7 Rc7 29. Qxc7 Qxc7 30. cxd5 Nxd5 31. c4 N5b6 0-1

[Event "XXXI Festival A"]
[Site "Arco ITA"]
[Date "2009.10.22"]
[Round "7"]
[White "Blasco, Domenico"]
[Black "Terna, Giovanni"]
[Result "1/2-1/2"]
[WhiteElo "1984"]
[BlackElo "1766"]
[PlyCount "72"]
[EventDate "2009.10.17"]

1. d4 Nf6 2. Nf3 g6 3. e3 Bg7 4. Be2 O-O 5. O-O d6 6. c4 Nbd7 7. Nc3 c6 8. b4
e5 9. a4 e4 10. Nd2 d5 11. Qb3 Nb8 12. Ba3 Re8 13. Rac1 a6 14. Rc2 Bf8 15. Rfc1
Be6 16. cxd5 Nxd5 17. Nxd5 cxd5 18. b5 Bxa3 19. Qxa3 axb5 20. Bxb5 Re7 21. Nb3
b6 22. Qb4 Raa7 23. Qc3 Na6 24. h3 Rec7 25. Qd2 Rxc2 26. Rxc2 Bd7 27. Bxd7 Qxd7
28. a5 bxa5 29. Qxa5 Nb8 30. Qc3 Kg7 31. Nc5 Qd6 32. g3 Nd7 33. Nxd7 Qxd7 34.
Kg2 Qf5 35. Qd2 Qf3+ 36. Kg1 h5 1/2-1/2

[Event "XXXI Festival A"]
[Site "Arco ITA"]
[Date "2009.10.23"]
[Round "7"]
[White "Bonade', Massimo"]
[Black "Trauth, Michael"]
[Result "0-1"]
[WhiteElo "2097"]
[BlackElo "2185"]
[PlyCount "88"]
[EventDate "2009.10.17"]

1. d4 Nf6 2. c4 c5 3. d5 b5 4. cxb5 a6 5. bxa6 g6 6. Nc3 Bxa6 7. e4 Bxf1 8.
Kxf1 d6 9. Nf3 Bg7 10. g3 O-O 11. Kg2 Nbd7 12. Re1 Nb6 13. Qc2 Qd7 14. b3 e6
15. dxe6 fxe6 16. e5 Ng4 17. Ne4 Nxe5 18. Nxe5 Bxe5 19. Bb2 Bd4 20. Bxd4 cxd4
21. a4 Nd5 22. Qd3 e5 23. Qc4 Qf7 24. Ng5 Qb7 25. Ne4 Rac8 26. Qd3 Rc3 27. Qb5
Qxb5 28. axb5 Rxb3 29. Nxd6 Rb2 30. Ne4 Nc3 31. Nxc3 Rfxf2+ 32. Kg1 Rg2+ 33.
Kh1 Rxh2+ 34. Kg1 dxc3 35. b6 Rhg2+ 36. Kh1 Rxg3 37. Rab1 Rg4 38. Rbc1 Rc4 39.
Rxe5 Rxb6 40. Re7 Rb2 41. Ra1 Rb8 42. Raa7 Rh4+ 43. Kg2 Rc8 44. Kg3 Rh5 0-1

[Event "XXXI Festival A"]
[Site "Arco ITA"]
[Date "2009.10.23"]
[Round "7"]
[White "Bonagura, Stefano"]
[Black "Ager, Josef"]
[Result "0-1"]
[WhiteElo "2086"]
[BlackElo "2226"]
[PlyCount "92"]
[EventDate "2009.10.17"]

1. d4 g6 2. Nf3 Bg7 3. c4 d6 4. Nc3 Nc6 5. Bg5 Bg4 6. e3 h6 7. Bh4 g5 8. Bg3 e5
9. d5 Nce7 10. h3 Bh5 11. Qa4+ Qd7 12. Nb5 Kf8 13. e4 f5 14. Nd2 fxe4 15. Nxe4
Nf6 16. f3 Kf7 17. Qa5 Ne8 18. Bf2 a6 19. Rd1 Rc8 20. Na7 Ra8 21. c5 Qd8 22.
cxd6 Nxd6 23. Nxd6+ cxd6 24. Qxd8 Rhxd8 25. Bb6 Rd7 26. Bd3 e4 27. O-O exd3 28.
Rxd3 Bg6 29. Rd2 Be5 30. Kf2 Kg7 31. g3 Rf8 32. Kg2 h5 33. Be3 g4 34. hxg4 hxg4
35. f4 Be4+ 36. Kf2 Nxd5 37. Bd4 Bxd4+ 38. Rxd4 Nf6 39. Rc1 Rh8 40. Nc8 Rh2+
41. Ke3 d5 42. Rb4 Nh5 43. Nb6 Nxg3 44. Rxe4 Nf5+ 45. Kd3 dxe4+ 46. Kxe4 Rf7
0-1

[Event "XXXI Festival A"]
[Site "Arco ITA"]
[Date "2009.10.22"]
[Round "7"]
[White "Bondielli, Giorgio"]
[Black "Thurner, Markus"]
[Result "1/2-1/2"]
[WhiteElo "1922"]
[BlackElo "1728"]
[PlyCount "97"]
[EventDate "2009.10.17"]

1. e4 c5 2. d4 cxd4 3. c3 dxc3 4. Nxc3 d6 5. Bc4 Nf6 6. Nf3 Nc6 7. h3 e6 8. O-O
Be7 9. Qe2 O-O 10. Bf4 e5 11. Bg5 h6 12. Bh4 Na5 13. Bd3 Be6 14. Rfd1 Nh5 15.
Bxe7 Qxe7 16. Qd2 b6 17. Be2 Nf4 18. Qxd6 Qxd6 19. Rxd6 Nxe2+ 20. Nxe2 Nc4 21.
Rc6 Nxb2 22. Nxe5 Rfc8 23. Rac1 Rxc6 24. Nxc6 Re8 25. f3 a5 26. Nf4 Kf8 27. Nd4
Bd7 28. Nd5 b5 29. Rc7 Rd8 30. Nb3 Be6 31. Rc5 Bxd5 32. exd5 a4 33. Nd4 b4 34.
Nc6 Rd7 35. Nxb4 Ke7 36. Rc2 Nd1 37. a3 Kd6 38. Rd2 Nc3 39. Kf2 Ke5 40. Ke3
Nxd5+ 41. Nxd5 Rxd5 42. f4+ Ke6 43. Rd4 Ra5 44. g4 f5 45. Kd3 g5 46. fxg5 hxg5
47. gxf5+ Rxf5 48. Rxa4 Rf3+ 49. Ke2 1/2-1/2

[Event "XXXI Festival A"]
[Site "Arco ITA"]
[Date "2009.10.23"]
[Round "7"]
[White "Borgo, Giulio"]
[Black "Wohl, Aleksandar H."]
[Result "1/2-1/2"]
[WhiteElo "2434"]
[BlackElo "2417"]
[PlyCount "62"]
[EventDate "2009.10.17"]

1. Nf3 g6 2. e4 Bg7 3. d4 d6 4. Bc4 e6 5. Qe2 Ne7 6. O-O Nd7 7. Rd1 a6 8. a4 h6
9. a5 O-O 10. Ra3 d5 11. Ba2 dxe4 12. Qxe4 c5 13. dxc5 Nxc5 14. Qe2 Qc7 15. Qc4
Qc6 16. b4 Ne4 17. Qe2 Nf5 18. c4 b5 19. cxb5 axb5 20. Bb2 Bb7 21. Rc1 Qd6 22.
Bxg7 Kxg7 23. Qxb5 Rfc8 24. Re1 Bd5 25. Bxd5 exd5 26. Rd3 Rcb8 27. Qxd5 Qxd5
28. Rxd5 Rxb4 29. h3 Nf6 30. Rd3 Rxa5 31. g4 Nxg4 1/2-1/2

[Event "XXXI Festival A"]
[Site "Arco ITA"]
[Date "2009.10.22"]
[Round "7"]
[White "Bottesi, Gianluca"]
[Black "Pieri, Enzo"]
[Result "0-1"]
[WhiteElo "1559"]
[BlackElo "1812"]
[PlyCount "128"]
[EventDate "2009.10.17"]

1. d4 d5 2. Bf4 Nf6 3. Nd2 Bf5 4. e3 e6 5. Ngf3 Nbd7 6. Rc1 Be7 7. c4 O-O 8.
cxd5 Nxd5 9. Bg3 N7f6 10. Bc4 c6 11. O-O Qb6 12. Qe2 Qxb2 13. e4 Nxe4 14. Nxe4
Qxe2 15. Bxe2 Bxe4 16. Ne5 Ba3 17. Rc4 Nb6 18. Rc3 Bb2 19. Re3 Bd5 20. Nf3 Bxa2
21. Bd3 Bc4 22. Rb1 Bxd3 23. Rxd3 Nc4 24. Rb3 b5 25. R3xb2 Nxb2 26. Rxb2 a5 27.
Bd6 Rfd8 28. Bc5 f6 29. Kf1 Rd5 30. Rc2 Ra6 31. Ke1 Kf7 32. Nd2 e5 33. dxe5
Rxe5+ 34. Kd1 a4 35. Ba3 Ke6 36. f3 Re3 37. Ne4 Rxa3 38. Nc5+ Kd5 39. Nxa6 Rb3
40. Nc5 Rb1+ 41. Kd2 a3 42. Nd3 b4 43. Nc1 c5 44. Na2 Kd4 45. Nc1 c4 46. Ne2+
Kc5 47. Ra2 c3+ 48. Nxc3 bxc3+ 49. Kxc3 Rb2 50. Rxb2 axb2 51. Kxb2 Kd4 52. Kc2
Ke3 53. h4 f5 54. h5 h6 55. Kc3 Kf2 56. Kd4 Kxg2 57. Ke5 Kxf3 58. Kxf5 Kg3 59.
Kg6 Kg4 60. Kxg7 Kxh5 61. Kf6 Kg4 62. Ke5 Kg3 63. Ke4 h5 64. Ke3 h4 0-1

[Event "XXXI Festival A"]
[Site "Arco ITA"]
[Date "2009.10.22"]
[Round "7"]
[White "Burani, Eugenio"]
[Black "Barlotti, Gabriele"]
[Result "1-0"]
[WhiteElo "1948"]
[BlackElo "1664"]
[PlyCount "67"]
[EventDate "2009.10.17"]

1. e4 e6 2. d4 d5 3. e5 c5 4. c3 Nc6 5. Nf3 f6 6. Bd3 fxe5 7. Nxe5 Nxe5 8. dxe5
g6 9. Qg4 Ne7 10. Na3 a6 11. Bg5 Rg8 12. O-O Qc7 13. Rfe1 Nf5 14. Rad1 Be7 15.
Nc2 Bxg5 16. Qxg5 Qe7 17. Qd2 Bd7 18. Ne3 O-O-O 19. Ng4 Bc6 20. Nf6 Rgf8 21.
Qg5 Rh8 22. g4 Rdg8 23. Qd2 Nh4 24. Qf4 g5 25. Qg3 Rf8 26. f4 h6 27. f5 exf5
28. Bxf5+ Nxf5 29. gxf5 Bd7 30. Nxd7 Kxd7 31. e6+ Kc6 32. Qe5 Rd8 33. f6 Qe8
34. e7 1-0

[Event "XXXI Festival A"]
[Site "Arco ITA"]
[Date "2009.10.22"]
[Round "7"]
[White "Casagrande, Fabio"]
[Black "Marini, Lucio"]
[Result "1-0"]
[WhiteElo "2011"]
[BlackElo "1884"]
[PlyCount "79"]
[EventDate "2009.10.17"]

1. e4 c5 2. c3 g6 3. d4 cxd4 4. cxd4 d5 5. e5 Nc6 6. Nc3 Nh6 7. Bb5 e6 8. Nf3
Nf5 9. Bg5 Be7 10. Bxe7 Qxe7 11. a3 h5 12. h4 O-O 13. Bxc6 bxc6 14. Na4 Rb8 15.
b4 Ba6 16. Nc5 Bc4 17. Qd2 Kg7 18. Qg5 Rfe8 19. Qxe7 Rxe7 20. Kd2 Kg8 21. Kc3
Ree8 22. Ng5 Nh6 23. f3 Kg7 24. Rag1 a5 25. bxa5 Ra8 26. g4 hxg4 27. fxg4 Rxa5
28. a4 Be2 29. h5 Ra7 30. Rh2 Bxg4 31. hxg6 Kxg6 32. Nh3 f5 33. exf6 Kxf6 34.
Nf2 Kg5 35. Rhg2 Kf5 36. Nxg4 Nxg4 37. Rxg4 Rh7 38. R4g3 Kf6 39. Rf1+ Ke7 40.
Re1 1-0

[Event "XXXI Festival A"]
[Site "Arco ITA"]
[Date "2009.10.22"]
[Round "7"]
[White "Ciola, Alberto"]
[Black "Caldara, Sisto"]
[Result "1-0"]
[WhiteElo "1920"]
[BlackElo "1823"]
[PlyCount "95"]
[EventDate "2009.10.17"]

1. d4 d6 2. c4 f5 3. g3 Nf6 4. Bg2 g6 5. Nc3 Bg7 6. e3 O-O 7. Nge2 Qe8 8. Qb3
c6 9. O-O Kh8 10. Bd2 Na6 11. a3 Nc7 12. Qc2 Qf7 13. b3 Rb8 14. Rab1 Bd7 15.
Rfc1 e5 16. f4 e4 17. h3 Rg8 18. Kf2 Bh6 19. Rh1 Qg7 20. Rbg1 Qf7 21. a4 Be6
22. Na2 Rgc8 23. Bc3 b5 24. axb5 cxb5 25. d5 Bd7 26. g4 Bg7 27. g5 Nh5 28.
Bxg7+ Nxg7 29. Qd2 bxc4 30. bxc4 Na6 31. Qd4 Nc5 32. Rb1 Nd3+ 33. Kg3 Ba4 34.
Nec3 Bb3 35. Nc1 Bc2 36. Rxb8 Rxb8 37. Nxd3 Bxd3 38. Ra1 Qb7 39. Rxa7 Kg8 40.
Rxb7 Nh5+ 41. Kf2 Rxb7 42. Nb5 Rb8 43. Bf1 Bxf1 44. Kxf1 Ra8 45. Qb2 Ra4 46.
Nxd6 Ra6 47. Qb8+ Kg7 48. Qb7+ 1-0

[Event "XXXI Festival A"]
[Site "Arco ITA"]
[Date "2009.10.23"]
[Round "7"]
[White "Dappiano, Andrea"]
[Black "De Santis, Alessio"]
[Result "1/2-1/2"]
[WhiteElo "1975"]
[BlackElo "2309"]
[PlyCount "67"]
[EventDate "2009.10.17"]

1. c4 b6 2. Nc3 Bb7 3. Nf3 c5 4. g3 Bxf3 5. exf3 Nc6 6. Bg2 g6 7. O-O Bg7 8. f4
Nh6 9. a3 a5 10. Rb1 Rc8 11. b3 Nf5 12. Bb2 O-O 13. Nb5 Bxb2 14. Rxb2 e6 15.
Nc3 Nfd4 16. d3 f5 17. Qd2 Qf6 18. Rfb1 h6 19. h4 Rb8 20. Ne2 Nxe2+ 21. Qxe2
Nd4 22. Qd2 Rfc8 23. b4 cxb4 24. axb4 a4 25. b5 Rc7 26. Ra2 Nb3 27. Qb2 Qxb2
28. Rbxb2 Ra7 29. Ra3 Rc8 30. Rba2 Nc1 31. Rc2 Nb3 32. Rca2 Nc1 33. Rc2 Nb3 34.
Rca2 1/2-1/2

[Event "XXXI Festival A"]
[Site "Arco ITA"]
[Date "2009.10.22"]
[Round "7"]
[White "Di Lazzaro, Gabriele"]
[Black "Del Nevo, Claudio"]
[Result "1-0"]
[WhiteElo "1930"]
[BlackElo "1858"]
[PlyCount "61"]
[EventDate "2009.10.17"]

1. e4 d6 2. d4 Nf6 3. Nc3 g6 4. f3 Bg7 5. Be3 c6 6. Qd2 Na6 7. g4 h5 8. g5 Nd7
9. f4 Nb6 10. O-O-O d5 11. exd5 Nxd5 12. Nxd5 Qxd5 13. c4 Qd8 14. Nf3 Bg4 15.
Be2 O-O 16. h3 Bf5 17. Nh4 Be4 18. Bf3 Bxf3 19. Nxf3 e6 20. Kb1 b5 21. cxb5
cxb5 22. Ne5 Nc7 23. Rhf1 Nd5 24. Nf3 a5 25. Ne5 Qd6 26. Rc1 Rfc8 27. Rxc8+
Rxc8 28. Rc1 Rxc1+ 29. Qxc1 Bxe5 30. dxe5 Nxe3 31. exd6 1-0

[Event "XXXI Festival A"]
[Site "Arco ITA"]
[Date "2009.10.22"]
[Round "7"]
[White "Ferrari, Michele"]
[Black "Cento, Claudio"]
[Result "1/2-1/2"]
[WhiteElo "1827"]
[BlackElo "1661"]
[PlyCount "82"]
[EventDate "2009.10.17"]

1. d4 Nf6 2. Bg5 g6 3. Nd2 Bg7 4. e3 d6 5. Ngf3 Nbd7 6. Bc4 b6 7. O-O Bb7 8. c3
c5 9. Qb3 O-O 10. Rfe1 d5 11. Be2 Re8 12. Bxf6 Bxf6 13. Bb5 Qc7 14. Rac1 e5 15.
dxe5 Bxe5 16. Nxe5 Rxe5 17. Nf3 Re7 18. Be2 Nf6 19. Nd2 Rd8 20. Qc2 Bc8 21.
Red1 Bf5 22. Bd3 Bg4 23. Re1 c4 24. Be2 Bf5 25. Qd1 h5 26. Nf3 Ng4 27. g3 Kg7
28. Nh4 Bc8 29. Qd4+ Qe5 30. Rcd1 Qxd4 31. Rxd4 Re4 32. Red1 Rxd4 33. Rxd4 Ne5
34. Ng2 Nc6 35. Rd1 Kf8 36. Nf4 Be6 37. Bf3 Ne7 38. e4 Bg4 39. Bxg4 hxg4 40.
Nxd5 Nxd5 41. exd5 Ke7 1/2-1/2

[Event "XXXI Festival A"]
[Site "Arco ITA"]
[Date "2009.10.22"]
[Round "7"]
[White "Galas, Franco"]
[Black "Lezzerini, Marco"]
[Result "1/2-1/2"]
[WhiteElo "1792"]
[BlackElo "1587"]
[PlyCount "51"]
[EventDate "2009.10.17"]

1. d4 d5 2. Nf3 Nf6 3. e3 Bf5 4. c3 Nbd7 5. Bb5 c6 6. Ba4 e6 7. Nbd2 Bd6 8. Bc2
Bg6 9. b3 Qc7 10. Bb2 Ne4 11. Nf1 Qa5 12. Bxe4 Bxe4 13. N1d2 Nf6 14. Nxe4 Nxe4
15. Nd2 Nxc3 16. Bxc3 Qxc3 17. Rc1 Qa5 18. Rc2 O-O-O 19. O-O Qc7 20. Nf3 h5 21.
h4 f6 22. Qd2 Rdg8 23. b4 Qb6 24. Rb1 Kd7 25. a4 Rc8 26. Rcb2 1/2-1/2

[Event "XXXI Festival A"]
[Site "Arco ITA"]
[Date "2009.10.22"]
[Round "7"]
[White "Gandolfi, Gianfranco"]
[Black "Rampini, Carlo"]
[Result "0-1"]
[WhiteElo "1861"]
[BlackElo "1820"]
[PlyCount "108"]
[EventDate "2009.10.17"]

1. e4 d5 2. e5 c5 3. c3 d4 4. Bb5+ Bd7 5. Bxd7+ Qxd7 6. d3 Nc6 7. Nf3 O-O-O 8.
c4 Qf5 9. O-O Nb4 10. Ne1 Qxe5 11. Qf3 Qf6 12. Qg3 h6 13. a3 Nc6 14. b4 e6 15.
bxc5 Bxc5 16. Nd2 Bd6 17. f4 Qg6 18. Qf3 f5 19. Nb3 Nf6 20. Nc2 Bc7 21. Nb4 Qe8
22. Rb1 Nxb4 23. axb4 Qc6 24. Qe2 Rhe8 25. b5 Qd6 26. Qa2 Bb8 27. Bd2 b6 28. c5
Qd5 29. c6 Qxb5 30. Nxd4 Qxd3 31. Nb5 Rd5 32. Qa6+ Kd8 33. Qb7 Rxb5 34. Qxb8+
Ke7 35. Qb7+ Kf8 36. Rxb5 Qxb5 37. c7 Qc5+ 38. Kh1 Ne4 39. Bb4 Qxb4 40. c8=Q
Rxc8 41. Qxc8+ Kf7 42. Rc1 Nc5 43. Qc7+ Kg6 44. Qxa7 Qxf4 45. Rb1 Qd6 46. h3
Nd7 47. Rc1 Ne5 48. Rb1 Nd7 49. Rc1 Kf6 50. Rc7 Ke7 51. Rc8 Qd4 52. Rc7 e5 53.
Qa2 e4 54. Qg8 Qd1+ 0-1

[Event "XXXI Festival A"]
[Site "Arco ITA"]
[Date "2009.10.23"]
[Round "7"]
[White "Giancotti, Eraldo"]
[Black "Manca, Federico"]
[Result "0-1"]
[WhiteElo "2109"]
[BlackElo "2356"]
[PlyCount "78"]
[EventDate "2009.10.17"]

1. Nf3 Nf6 2. g3 c5 3. Bg2 Nc6 4. O-O g6 5. d3 Bg7 6. e4 d6 7. Nc3 O-O 8. h3
Rb8 9. Nh4 b5 10. f4 b4 11. Ne2 Qb6 12. g4 Nd7 13. Kh1 Ba6 14. Be3 Bxb2 15. Rb1
Bg7 16. Nf3 Qa5 17. Nc1 Rbc8 18. Nb3 Qc7 19. Qe1 c4 20. Nc1 Nc5 21. d4 Nxe4 22.
d5 Nc3 23. dxc6 Nxb1 24. Qh4 c3 25. Rf2 Nd2 26. f5 Nxf3 27. Bxf3 Bb5 28. Ne2
Bxc6 29. Ng1 d5 30. Bh6 d4 31. Bxg7 Kxg7 32. g5 gxf5 33. Qh6+ Kg8 34. Rg2 Qd6
35. g6 fxg6 36. h4 Rf7 37. Bxc6 Rxc6 38. Nf3 d3 39. Ng5 d2 0-1

[Event "XXXI Festival A"]
[Site "Arco ITA"]
[Date "2009.10.22"]
[Round "7"]
[White "Giaracuni, Claudio"]
[Black "Buglisi, Massimo"]
[Result "1-0"]
[WhiteElo "1771"]
[BlackElo "1931"]
[PlyCount "70"]
[EventDate "2009.10.17"]

1. c4 Nf6 2. Nc3 g6 3. Nf3 Bg7 4. g3 O-O 5. Bg2 d6 6. d4 a6 7. O-O Nc6 8. e4
Bg4 9. h3 Bxf3 10. Bxf3 e5 11. dxe5 Nxe5 12. Qe2 Nxf3+ 13. Qxf3 Nd7 14. Rd1 Ne5
15. Qe2 Qd7 16. Kg2 Qc6 17. Nd5 Rae8 18. Bg5 f6 19. Bf4 Qxc4 20. Qxc4 Nxc4 21.
Nxc7 Rxe4 22. b3 Ne5 23. Ne6 Rc8 24. Nxg7 Kxg7 25. Rxd6 Rc2 26. Rc1 Rxc1 27.
Bxc1 Re2 28. Rb6 g5 29. Rxb7+ Kg6 30. a3 Nd3 31. Be3 Ra2 32. a4 Ne1+ 33. Kh1 h5
34. Rb6 Kg7 35. Bd4 Nf3 1-0

[Event "XXXI Festival A"]
[Site "Arco ITA"]
[Date "2009.10.22"]
[Round "7"]
[White "Grom, Waldemar"]
[Black "Sigmund, Ingenuin"]
[Result "1-0"]
[WhiteElo "1957"]
[BlackElo "1825"]
[PlyCount "57"]
[EventDate "2009.10.17"]

1. c4 Nf6 2. Nc3 e5 3. g3 c6 4. Bg2 Bc5 5. e3 d5 6. cxd5 cxd5 7. Nge2 O-O 8. d4
exd4 9. Nxd4 a6 10. Nb3 Bb4 11. Bd2 Nc6 12. a3 Bxc3 13. Bxc3 Ne4 14. Rc1 Be6
15. O-O Qe7 16. Nd4 Nxc3 17. Rxc3 Rfc8 18. b4 Ne5 19. Rxc8+ Rxc8 20. Qa1 Nc4
21. Rd1 Rd8 22. Re1 Qd7 23. Qc3 b5 24. e4 g6 25. h4 dxe4 26. Nxe6 Qxe6 27. Rxe4
Qd6 28. Kh2 Qd3 29. Re8+ 1-0

[Event "XXXI Festival A"]
[Site "Arco ITA"]
[Date "2009.10.22"]
[Round "7"]
[White "Hasberger, Walter"]
[Black "Virzi, Ettore"]
[Result "1/2-1/2"]
[WhiteElo "1894"]
[BlackElo "1986"]
[PlyCount "36"]
[EventDate "2009.10.17"]

1. e4 e5 2. Nc3 Nc6 3. Bc4 Nf6 4. d3 Na5 5. Bb3 Nxb3 6. axb3 Bb4 7. Nf3 d6 8.
h3 O-O 9. O-O c6 10. Bd2 Re8 11. Re1 a6 12. Na4 Bxd2 13. Qxd2 h6 14. Nc3 Qc7
15. d4 Be6 16. dxe5 dxe5 17. Rad1 Rad8 18. Qe3 Bc8 1/2-1/2

[Event "XXXI Festival A"]
[Site "Arco ITA"]
[Date "2009.10.22"]
[Round "7"]
[White "Innocenti, Sandro"]
[Black "Weinberg, Emanuele"]
[Result "1-0"]
[WhiteElo "1701"]
[BlackElo "1874"]
[PlyCount "131"]
[EventDate "2009.10.17"]

1. e4 g6 2. d4 c6 3. Bd3 d5 4. e5 h5 5. Nf3 Bg4 6. h3 Bxf3 7. Qxf3 Nh6 8. c3 e6
9. g4 h4 10. Nd2 c5 11. Bb5+ Nd7 12. dxc5 Bxc5 13. Nb3 Bb6 14. Bd2 a6 15. Ba4
Ba7 16. Bxd7+ Qxd7 17. Qf6 Rh7 18. Qxh4 Qe7 19. Bg5 Qf8 20. O-O-O Qh8 21. Bf6
Ng8 22. Bxh8 Rxh4 23. Bf6 Nxf6 24. exf6 Bxf2 25. Rdf1 Be3+ 26. Kb1 Bg5 27. Nd4
Rh8 28. Rf3 O-O-O 29. Kc2 e5 30. Nb3 e4 31. Rf2 Rd6 32. Nd4 Rxf6 33. Rxf6 Bxf6
34. Rf1 Bxd4 35. cxd4 Rh7 36. Rh1 Kd7 37. h4 f5 38. gxf5 gxf5 39. Rf1 Ke6 40.
Rf4 Rg7 41. Rf2 Rg4 42. Rh2 f4 43. h5 Rg7 44. h6 Rh7 45. Kd2 Kf5 46. Rh5+ Kg4
47. Rxd5 Rxh6 48. Re5 Rh2+ 49. Ke1 Kf3 50. d5 e3 51. Kd1 e2+ 52. Kd2 Kg3 53. d6
Rh6 54. Kxe2 Rxd6 55. Rg5+ Kh4 56. Rg7 b5 57. b3 b4 58. Rb7 a5 59. Rb5 Kg4 60.
Rxa5 Rc6 61. Rb5 Rc2+ 62. Kd1 Rxa2 63. Rxb4 Kg3 64. Rb8 Kf2 65. Rh8 Rb2 66.
Rh2+ 1-0

[Event "XXXI Festival A"]
[Site "Arco ITA"]
[Date "2009.10.22"]
[Round "7"]
[White "Kern, Beat"]
[Black "Koenig, Joel"]
[Result "0-1"]
[WhiteElo "1651"]
[BlackElo "1884"]
[PlyCount "174"]
[EventDate "2009.10.17"]

1. Nf3 Nc6 2. d4 d5 3. e3 Bg4 4. Be2 e6 5. O-O Bd6 6. Nbd2 Nf6 7. c4 O-O 8. a3
a5 9. h3 Bh5 10. c5 Be7 11. b3 b6 12. cxb6 cxb6 13. Bb2 Bd6 14. Rc1 Na7 15. Ne1
Bxe2 16. Qxe2 Qe7 17. a4 Rfb8 18. Nd3 b5 19. e4 dxe4 20. Nxe4 Nxe4 21. Qxe4 Ba3
22. Bxa3 Qxa3 23. Nc5 bxa4 24. Ra1 Qb2 25. Rfb1 Qd2 26. bxa4 Rd8 27. Rd1 Qg5
28. Rab1 Rac8 29. Qe3 Qd5 30. Nb3 Rc4 31. Qd2 Nc6 32. Rbc1 h6 33. Rxc4 Qxc4 34.
Nxa5 Qxa4 35. Nxc6 Qxc6 36. Re1 Qd5 37. Qe3 Qxd4 38. Kf1 Qxe3 39. Rxe3 Rd2 40.
g4 g5 41. Kg2 Kg7 42. Ra3 Kg6 43. Ra8 Rd7 44. Rb8 Rd6 45. Ra8 Kf6 46. Rh8 Kg7
47. Ra8 e5 48. Re8 Kf6 49. Kf3 Re6 50. Rh8 Kg7 51. Rd8 Rf6+ 52. Kg2 Rf4 53. f3
e4 54. fxe4 Rxe4 55. Kf3 Rf4+ 56. Kg3 Kg6 57. Rg8+ Kh7 58. Ra8 h5 59. Ra5 h4+
60. Kg2 Kg6 61. Ra6+ Rf6 62. Ra8 Rb6 63. Rg8+ Kf6 64. Re8 Rb2+ 65. Kg1 Rb7 66.
Kf2 Re7 67. Rg8 Re4 68. Kf3 Rf4+ 69. Kg2 Re4 70. Kf3 Re5 71. Kg2 Ke7 72. Ra8
Rd5 73. Kf3 f6 74. Rb8 Rd3+ 75. Kg2 Rd4 76. Kf3 Rf4+ 77. Kg2 Kd6 78. Re8 Kd5
79. Re7 Kd4 80. Re8 Re4 81. Rf8 Re6 82. Kf3 Re3+ 83. Kg2 Ke5 84. Re8+ Kf4 85.
Rf8 Re2+ 86. Kg1 Kg3 87. Rxf6 Re1+ 0-1

[Event "XXXI Festival A"]
[Site "Arco ITA"]
[Date "2009.10.23"]
[Round "7"]
[White "Kierzek, Matthias"]
[Black "Cardili, Mariano"]
[Result "1/2-1/2"]
[WhiteElo "2154"]
[BlackElo "2106"]
[PlyCount "122"]
[EventDate "2009.10.17"]

1. d4 d5 2. c4 c6 3. Nf3 Nf6 4. Nc3 dxc4 5. a4 Bf5 6. e3 e6 7. Bxc4 Bb4 8. O-O
O-O 9. Nh4 Bg4 10. f3 Bh5 11. g4 Nd5 12. Qe1 Be7 13. Ng2 Bg6 14. Qf2 Nd7 15. e4
Nb4 16. Be3 e5 17. Rfd1 exd4 18. Bxd4 Qc7 19. Bb3 c5 20. Nb5 Qc6 21. Rac1 a6
22. Na3 Rac8 23. Be3 b5 24. axb5 axb5 25. Bd5 Nxd5 26. exd5 Qa6 27. f4 Be4 28.
Qd2 Bd6 29. h3 Rfe8 30. Bf2 c4 31. Nc2 Nc5 32. Nb4 Qb7 33. Bxc5 Bxc5+ 34. Kh2
Bxb4 35. Qxb4 Bxd5 36. Rd2 Bxg2 37. Rxg2 Re3 38. Rc3 Rxc3 39. bxc3 h6 40. Qd6
Qf3 41. Qe5 Rd8 42. g5 Qd5 43. gxh6 Qxe5 44. fxe5 g6 45. e6 Rb8 46. exf7+ Kxf7
47. Kg3 Rh8 48. Rb2 Rb8 49. Kf4 Kf6 50. h4 Rb7 51. Rf2 Kf7 52. Kg5+ Kg8 53. Ra2
Kh7 54. Ra5 b4 55. cxb4 Rxb4 56. Ra7+ Kh8 57. h7 c3 58. Rc7 c2 59. Rxc2 Kxh7
60. Rc7+ Kh8 61. Kxg6 Rb6+ 1/2-1/2